कहावतकोश (Record no. 212949)
[ view plain ]
| 000 -LEADER | |
|---|---|
| fixed length control field | 00765nam a22001817a 4500 |
| 005 - DATE AND TIME OF LATEST TRANSACTION | |
| control field | 20250808111954.0 |
| 010 ## - LCCN (DPL NO) | |
| LC control number | HIN-130208 |
| 020 ## - INTERNATIONAL STANDARD BOOK NUMBER | |
| International Standard Book Number | 9788190208680 |
| Terms of availability | 800.00 |
| 035 ## - SYSTEM CONTROL NUMBER | |
| System control number | HN-102554 |
| 037 ## - SOURCE OF ACQUISITION | |
| Source of stock number/acquisition | DBAD |
| 082 ## - DEWEY DECIMAL CLASSIFICATION NUMBER | |
| Classification number | 808.88 |
| 245 ## - TITLE STATEMENT | |
| Title | कहावतकोश |
| Statement of responsibility, etc | आर एस रमन-संपादक द्वारा |
| 260 ## - PUBLICATION, DISTRIBUTION, ETC. (IMPRINT) | |
| Place of publication, distribution, etc | दिल्ली |
| Name of publisher, distributor, etc | निधि बुक सेंटर |
| 270 ## - ADDRESS | |
| Address | 3421-अ, द्वितीय ताल, नारंग कालोनी |
| City | नयी दिली |
| Postal code | 110035 |
| 300 ## - PHYSICAL DESCRIPTION | |
| Extent | 444पृ. |
| Dimensions | 23सेमी (सजिल्द ) |
| 700 ## - ADDED ENTRY--PERSONAL NAME | |
| 9 (RLIN) | 83953 |
| Personal name | रमन,आर एस -संपादक द्वारा |
| 942 ## - ADDED ENTRY ELEMENTS (KOHA) | |
| Source of classification or shelving scheme | Dewey Decimal Classification |
| Item type | Hindi Books |
| Classification part | 808.88 |
| Call number suffix | रमन |
| Edition | प्रथम |
No items available.
